Signifying nothing : the semiotics of zero /

Bibliographic Details
Main Author: Rotman, B. (Brian)
Format: Book
Language:English
Published: New York : St. Martin's Press, 1987.
Subjects:

MARC

Tag First Indicator Second Indicator Subfields
LEADER 00000cam a2200000 a 4500
001 in00000025796
005 20151007054457.0
008 870611s1987 nyua b 00110 eng
010 |a  87015632  
020 |a 0312012020 :  |c $29.95 
020 |a 0312012039 (pbk.) :  |c $12.95 
035 |a (OCoLC)16227435 
035 |9 AAB5179AM 
040 |a DLC  |c DLC  |d TXA  |d UtOrBLW 
049 |a TXAM  |c [A11502753] 
050 0 0 |a P99  |b .R63 1987 
082 0 |a 001.51  |2 19 
100 1 |a Rotman, B.  |q (Brian) 
245 1 0 |a Signifying nothing :  |b the semiotics of zero /  |c Brian Rotman. 
264 1 |a New York :  |b St. Martin's Press,  |c 1987. 
300 |a x, 111 pages :  |b illustrations ;  |c 24 cm. 
336 |a text  |b txt  |2 rdacontent 
337 |a unmediated  |b n  |2 rdamedia 
338 |a volume  |b nc  |2 rdacarrier 
504 |a Bibliography: pages 108-109. 
500 |a Includes index. 
650 0 |a Semiotics. 
650 0 |a Zero (The number) 
999 |a MARS 
999 f f |s 6b2c15a6-6724-3730-a905-17a386f93422  |i 8fdf24ef-a8b6-3de9-a643-5141363e3599  |t 0 
952 f f |p normal  |a Texas A&M University  |b College Station  |c Sterling C. Evans Library  |d Evans: Library Stacks  |t 0  |e P99 .R63 1987  |h Library of Congress classification  |i unmediated -- volume  |m A14811502753 
998 f f |a P99 .R63 1987  |t 0  |l Evans: Library Stacks